<?xml version="1.0" encoding="UTF-8"?><marc:collection xmlns:marc="http://www.loc.gov/MARC21/slim">
  <marc:record>
    <marc:leader>00000nam  2200000zi 4500</marc:leader>
    <marc:controlfield tag="001">9.955143</marc:controlfield>
    <marc:controlfield tag="003">CaOODSP</marc:controlfield>
    <marc:controlfield tag="005">20250911134758</marc:controlfield>
    <marc:controlfield tag="006">m     o  d f      </marc:controlfield>
    <marc:controlfield tag="007">cr mn|||||||||</marc:controlfield>
    <marc:controlfield tag="008">250911m19721975oncab   ob   f001 0 fre d</marc:controlfield>
    <marc:datafield tag="040" ind1=" " ind2=" ">
      <marc:subfield code="a">CaOODSP</marc:subfield>
      <marc:subfield code="b">fre</marc:subfield>
      <marc:subfield code="e">rda</marc:subfield>
      <marc:subfield code="c">CaOODSP</marc:subfield>
    </marc:datafield>
    <marc:datafield tag="043" ind1=" " ind2=" ">
      <marc:subfield code="a">n-cn---</marc:subfield>
    </marc:datafield>
    <marc:datafield tag="086" ind1="1" ind2=" ">
      <marc:subfield code="a">M43-1/1969F-PDF</marc:subfield>
      <marc:subfield code="z">M43-1/1969F</marc:subfield>
      <marc:subfield code="z">M43-1/1972-8/13F</marc:subfield>
    </marc:datafield>
    <marc:datafield tag="245" ind1="0" ind2="0">
      <marc:subfield code="a">Géologie et ressources minérales du Canada.</marc:subfield>
    </marc:datafield>
    <marc:datafield tag="250" ind1=" " ind2=" ">
      <marc:subfield code="a">Cinquième édition.</marc:subfield>
    </marc:datafield>
    <marc:datafield tag="264" ind1=" " ind2="1">
      <marc:subfield code="a">[Ottawa] : </marc:subfield>
      <marc:subfield code="b">Commission géologique du Canada, </marc:subfield>
      <marc:subfield code="c">1972-1975.</marc:subfield>
    </marc:datafield>
    <marc:datafield tag="300" ind1=" " ind2=" ">
      <marc:subfield code="a">1 ressource en ligne (3 volumes) : </marc:subfield>
      <marc:subfield code="b">illustrations (certaines en couleur), cartes (certaines en couleur).</marc:subfield>
    </marc:datafield>
    <marc:datafield tag="336" ind1=" " ind2=" ">
      <marc:subfield code="a">texte</marc:subfield>
      <marc:subfield code="b">txt</marc:subfield>
      <marc:subfield code="2">rdacontent/fre</marc:subfield>
    </marc:datafield>
    <marc:datafield tag="337" ind1=" " ind2=" ">
      <marc:subfield code="a">informatique</marc:subfield>
      <marc:subfield code="b">c</marc:subfield>
      <marc:subfield code="2">rdamedia/fre</marc:subfield>
    </marc:datafield>
    <marc:datafield tag="338" ind1=" " ind2=" ">
      <marc:subfield code="a">ressource en ligne</marc:subfield>
      <marc:subfield code="b">cr</marc:subfield>
      <marc:subfield code="2">rdacarrier/fre</marc:subfield>
    </marc:datafield>
    <marc:datafield tag="490" ind1="1" ind2=" ">
      <marc:subfield code="a">Série de la géologie économique ; </marc:subfield>
      <marc:subfield code="v">n° 1</marc:subfield>
    </marc:datafield>
    <marc:datafield tag="500" ind1=" " ind2=" ">
      <marc:subfield code="a">Publié aussi en anglais sous le titre : Geology and economic minerals of Canada.</marc:subfield>
    </marc:datafield>
    <marc:datafield tag="500" ind1=" " ind2=" ">
      <marc:subfield code="a">« R.J.W. Douglas, rédacteur scientifique. »</marc:subfield>
    </marc:datafield>
    <marc:datafield tag="500" ind1=" " ind2=" ">
      <marc:subfield code="a">« L.-P. Tremblay, rédacteur scientifique de l'édition française. »</marc:subfield>
    </marc:datafield>
    <marc:datafield tag="500" ind1=" " ind2=" ">
      <marc:subfield code="a">« Pour la commodité de l'utilisateur, la version française de ce long texte est publiée en trois volumes. La partie A comprend les chapitres I à VII; la partie B, les chapitres VIII à XIII; et la partie C, un recueil de tableaux schématiques et de cartes. »</marc:subfield>
    </marc:datafield>
    <marc:datafield tag="500" ind1=" " ind2=" ">
      <marc:subfield code="a">Il manque 7 cartes de la partie C.</marc:subfield>
    </marc:datafield>
    <marc:datafield tag="500" ind1=" " ind2=" ">
      <marc:subfield code="a">Édition numérisée de l'imprimé [par Ressources naturelles Canada].</marc:subfield>
    </marc:datafield>
    <marc:datafield tag="504" ind1=" " ind2=" ">
      <marc:subfield code="a">Comprend des références bibliographiques et un index.</marc:subfield>
    </marc:datafield>
    <marc:datafield tag="505" ind1="0" ind2=" ">
      <marc:subfield code="a">part. A -- part. B -- part. C.</marc:subfield>
    </marc:datafield>
    <marc:datafield tag="520" ind1=" " ind2=" ">
      <marc:subfield code="a">« Le présent ouvrage constitue la cinquième édition de Géologie et ressources minérales du Canada et forme un traite général des connaissances actuelles sur la géologie du Canada. Pour la première fois, il a été possible d'exposer en détail, a l'échelle du pays, les différents aspects de la géologie, et de tenter d'établir une synthèse tectonique des quatre principales régions géologiques: le Bouclier canadien et les régions phanérozoïques de bordure, c'est-a-dire les plates-formes et orogènes du Sud-Est, de l'Ouest et de l'Arctique canadien. L'ouvrage est accompagne d'un recueil de tableaux schématiques de corrélation géotectonique de chacune de ces régions, et de huit cartes a l'échelle de 1:5,000,000 représentant la géologie, la tectonique, les gites minéraux, les éléments glaciaires, la physiographie, les âges isotopiques et les anomalies magnétiques et gravimétriques. Dans le texte, les données sont brièvement résumées, les interprétations et conclusions économiques et scientifiques sont présentées nettement a part. … » -- Préface (part. A).</marc:subfield>
    </marc:datafield>
    <marc:datafield tag="650" ind1=" " ind2="6">
      <marc:subfield code="a">Géologie</marc:subfield>
      <marc:subfield code="z">Canada.</marc:subfield>
    </marc:datafield>
    <marc:datafield tag="650" ind1=" " ind2="6">
      <marc:subfield code="a">Géologie économique</marc:subfield>
      <marc:subfield code="z">Canada.</marc:subfield>
    </marc:datafield>
    <marc:datafield tag="650" ind1=" " ind2="6">
      <marc:subfield code="a">Mines et ressources minières</marc:subfield>
      <marc:subfield code="z">Canada.</marc:subfield>
    </marc:datafield>
    <marc:datafield tag="650" ind1=" " ind2="0">
      <marc:subfield code="a">Geology</marc:subfield>
      <marc:subfield code="z">Canada.</marc:subfield>
    </marc:datafield>
    <marc:datafield tag="650" ind1=" " ind2="0">
      <marc:subfield code="a">Economic geology</marc:subfield>
      <marc:subfield code="z">Canada.</marc:subfield>
    </marc:datafield>
    <marc:datafield tag="650" ind1=" " ind2="0">
      <marc:subfield code="a">Mines and mineral resources</marc:subfield>
      <marc:subfield code="z">Canada.</marc:subfield>
    </marc:datafield>
    <marc:datafield tag="700" ind1="1" ind2=" ">
      <marc:subfield code="a">Douglas, R. J. W. </marc:subfield>
      <marc:subfield code="q">(Robert John Wilson), </marc:subfield>
      <marc:subfield code="d">1920-1979 </marc:subfield>
      <marc:subfield code="e">éditeur intellectuel.</marc:subfield>
    </marc:datafield>
    <marc:datafield tag="700" ind1="1" ind2=" ">
      <marc:subfield code="a">Tremblay, L. P., </marc:subfield>
      <marc:subfield code="e">éditeur intellectuel.</marc:subfield>
    </marc:datafield>
    <marc:datafield tag="710" ind1="2" ind2=" ">
      <marc:subfield code="a">Commission géologique du Canada, </marc:subfield>
      <marc:subfield code="e">organisme de publication.</marc:subfield>
    </marc:datafield>
    <marc:datafield tag="830" ind1="#" ind2="0">
      <marc:subfield code="a">Série de la géologie économique (Commission géologique du Canada)</marc:subfield>
      <marc:subfield code="v">n° 1.</marc:subfield>
    </marc:datafield>
    <marc:datafield tag="856" ind1="4" ind2="0">
      <marc:subfield code="q">PDF</marc:subfield>
      <marc:subfield code="s">136.00 Mo</marc:subfield>
      <marc:subfield code="u">https://publications.gc.ca/collections/collection_2025/rncan-nrcan/M43-1-1969-1-fra.pdf</marc:subfield>
      <marc:subfield code="z">Part. A (chapitres I à VII)</marc:subfield>
    </marc:datafield>
    <marc:datafield tag="856" ind1="4" ind2="0">
      <marc:subfield code="q">PDF</marc:subfield>
      <marc:subfield code="s">252.00 Mo</marc:subfield>
      <marc:subfield code="u">https://publications.gc.ca/collections/collection_2025/rncan-nrcan/M43-1-1969-2-fra.pdf</marc:subfield>
      <marc:subfield code="z">Part. B (chapitres VIII à XIII)</marc:subfield>
    </marc:datafield>
    <marc:datafield tag="856" ind1="4" ind2="0">
      <marc:subfield code="q">PDF</marc:subfield>
      <marc:subfield code="s">19.40 Mo</marc:subfield>
      <marc:subfield code="u">https://publications.gc.ca/collections/collection_2025/rncan-nrcan/M43-1-1969-3-fra.pdf</marc:subfield>
      <marc:subfield code="z">Part. C. Tableau schématique de corrélation géotectonique pour le Bouclier canadien</marc:subfield>
    </marc:datafield>
    <marc:datafield tag="856" ind1="4" ind2="0">
      <marc:subfield code="q">PDF</marc:subfield>
      <marc:subfield code="s">28.70 Mo</marc:subfield>
      <marc:subfield code="u">https://publications.gc.ca/collections/collection_2025/rncan-nrcan/M43-1-1969-4-fra.pdf</marc:subfield>
      <marc:subfield code="z">Part. C. Tableau schématique de corrélation géotectonique de sud-est du Canada</marc:subfield>
    </marc:datafield>
    <marc:datafield tag="856" ind1="4" ind2="0">
      <marc:subfield code="q">PDF</marc:subfield>
      <marc:subfield code="s">37.40 Mo</marc:subfield>
      <marc:subfield code="u">https://publications.gc.ca/collections/collection_2025/rncan-nrcan/M43-1-1969-5-fra.pdf</marc:subfield>
      <marc:subfield code="z">Part. C. Tableau schématique de corrélation géotectonique pour l'Ouest du Canada</marc:subfield>
    </marc:datafield>
    <marc:datafield tag="856" ind1="4" ind2="0">
      <marc:subfield code="q">PDF</marc:subfield>
      <marc:subfield code="s">18.00 Mo</marc:subfield>
      <marc:subfield code="u">https://publications.gc.ca/collections/collection_2025/rncan-nrcan/M43-1-1969-6-fra.pdf</marc:subfield>
      <marc:subfield code="z">Part. C. Tableau schématique de corrélation géotectonique des îles de l'Arctique</marc:subfield>
    </marc:datafield>
    <marc:datafield tag="856" ind1="4" ind2="0">
      <marc:subfield code="q">PDF</marc:subfield>
      <marc:subfield code="s">12.20 Mo</marc:subfield>
      <marc:subfield code="u">https://publications.gc.ca/collections/collection_2025/rncan-nrcan/M43-1-1969-7-fra.pdf</marc:subfield>
      <marc:subfield code="z">Part. C. Carte géologique du Canada</marc:subfield>
    </marc:datafield>
  </marc:record>
</marc:collection>
